CIVILTA' CATTOLICA (LA), ANNO 005-VOL.05 (1854) (Record n. 119504)
[ formato base ]
| 000 -LEADER | |
|---|---|
| fixed length control field | 01080nas a2200265Ia 4500 |
| 001 - CONTROL NUMBER | |
| control field | R454/2929 |
| 003 - CONTROL NUMBER IDENTIFIER | |
| control field | IT-RoPAU |
| 008 - FIXED-LENGTH DATA ELEMENTS--GENERAL INFORMATION | |
| fixed length control field | 151124c99999999xx |||||||||||| ||und|| |
| 040 ## - CATALOGING SOURCE | |
| Original cataloging agency | IT-RoPAU |
| 040 ## - CATALOGING SOURCE | |
| Transcribing agency | IT-RoPAU |
| 041 ## - LANGUAGE CODE | |
| Language code of text/sound track or separate title | ITALIANO |
| 100 ## - MAIN ENTRY--PERSONAL NAME | |
| Personal name | AA.VV. |
| Miscellaneous information | Codice Aut. SPICS: 12000 |
| 210 ## - ABBREVIATED TITLE | |
| Abbreviated title | CIVILTA' CATTOLICA (LA) |
| 222 ## - KEY TITLE | |
| Key title | Civilta' Cattolica (La) |
| 245 ## - TITLE STATEMENT | |
| Title | CIVILTA' CATTOLICA (LA), ANNO 005-VOL.05 (1854) |
| Remainder of title | Civilta' Cattolica (La), Anno 005-Vol.05 (1854) |
| 250 ## - EDITION STATEMENT | |
| Edition statement | 1a ed. |
| 260 ## - PUBLICATION, DISTRIBUTION, ETC. (IMPRINT) | |
| Place of publication, distribution, etc. | NAPOLI/ROMA |
| Name of publisher, distributor, etc. | CIVILTA' CATTOLICA |
| Date of publication, distribution, etc. | 1854 |
| 300 ## - PHYSICAL DESCRIPTION | |
| Extent | 720 p. |
| 310 ## - CURRENT PUBLICATION FREQUENCY | |
| Current publication frequency | QUINDICINALE |
| 362 ## - DATES OF PUBLICATION AND/OR SEQUENTIAL DESIGNATION | |
| Dates of publication and/or sequential designation | ANNO 005, VOL.05 (1854) |
| 501 ## - WITH NOTE | |
| -- | Paulus - SPICS - Società San Paolo EM (non-commercial uses only) |
| -- | Copyright2015 |
| 500 ## - GENERAL NOTE | |
| General note | Fascicoli di Gennaio/Febbraio/Marzo del 1854 di Civiltà Cattolica Riuniti in un Unico Volumenatale Esautorato Dal Buon Capo D'Anno Diritto Vincitore della Forza Parola di un Cattolico Romano in Risposta Alla Parola dell'Ortodossia Greco-Russa Teatro Ital |
| 650 ## - SUBJECT ADDED ENTRY--TOPICAL TERM | |
| Topical term or geographic name as entry element | PASTORALE |
| Form subdivision | PUBBLICAZIONE PERIODICA |
| 942 ## - ADDED ENTRY ELEMENTS (KOHA) | |
| Koha item type | RIVISTA |
| Withdrawn status | Lost status | Damaged status | Not for loan | Home library | Current library | Date acquired | Total Checkouts | Full call number | Date last seen | Price effective from | Koha item type | Public note |
|---|---|---|---|---|---|---|---|---|---|---|---|---|
| Buone Condizioni | Not For Loan | SPICS-MEDIATECA | SPICS-MEDIATECA | 25/11/2015 | R454/2929 | 25/11/2015 | 25/11/2015 | RIVISTA | Progr. Ins: 79987 / Copia rara: NO / date import: 25.11.2015 / By Epidotti, Trombetti, Vaglietti |